00424nam a22001337a 450000500170000000800410001704100130005808200120007110000130008324500940009626000450019030000290023565000260026420240717144835.0240717b |||||||| |||| 00| 0 eng d aEnglish  a349 SOU lEnglish  aSouth Africa Law Reports :bwith which are amalgamated The All South Africa Law Reports  aCape Town :bJuta and Company Ltd,c1964 bxv, 858 pages; c26 cm.  aLegal practice bLaw